000 01319nam a2200349 a 4500
001 000111939
003 CHAP
005 20220329144237.0
008 151016s2015 mx |sm |||||||spa d
010 _a108400
011 _a109372
040 _cCHAP
090 _aTesis
100 1 _aAlmaro Vilchis, Jonathan
_9129936
245 1 0 _aEfecto de tres formas de beneficiado en las características fisicoquímicas y bromatólogicas de dos variedades de café (Coffea arabica L.)
_h[En línea]
_cpor Jonathan Almaro Vilchis y Lorena Edita Rojas Durán.
260 _aChapingo, Méx. :
_bEl autor,
_c2015.
500 _aPara ver el contenido del material haga clic en la liga
502 _aTesis (Ingeniero Agroindustrial) -- UACH. Departamento de Ingeniería Agroindustrial
590 _aBATCH
_b00
_c20181121
_lUCH01
_h0758
590 _aE11695DGD
_b10
_c20151016
_lUCH01
_h1328
590 _aE5652GLJ
_b05
_c20151016
_lUCH01
_h0741
590 _aE5652GLJ
_b05
_c20151016
_lUCH01
_h0741
650 1 4 _aCafé
_xAnálisis.
_917089
650 1 4 _aCafé
_xProcesado.
_917188
650 1 4 _aCafé
_xVariedades.
_917208
700 1 _aRojas Durán, Lorena Edita
_9129937
856 _a1
_n0000220
856 _aFinding aid
_uhttp://10.13.5.2/tesis/sist111939.pdf
_zTeclea aquí
901 _aBK
942 _cTESIS
942 _n0
999 _c108400
_d108400